"Будущие дети России...": проблема интеграции в административной практике и общественном сознании (Центральный Кавказ конца XVIII - начала XX вв.) (Запись № 2482011)

Подробности
000 -МАРКЕР
контрольное поле 01821nam0a2200361 4500
001 - ИДЕНТИФИКАТОР ЗАПИСИ
контрольное поле RU\NLR\bibl\1867326
005 - ИДЕНТИФИКАТОР ВЕРСИИ
контрольное поле 20250616184842.0
010 ## - МЕЖДУНАРОДНЫЙ СТАНДАРТНЫЙ НОМЕР КНИГИ (ISBN)
Номер (ISBN) 978-5-91480-114-1
Тираж 100
021 ## - НОМЕР ГОСУДАРСТВЕННОЙ РЕГИСТРАЦИИ
Код страны Российская Федерация
Номер 2012-2470
Номер Листа государственной регистраци 181
035 ## - ДРУГИЕ СИСТЕМНЫЕ НОМЕРА
Идентификатор записи (NLR Aleph) 001857194
100 ## - ДАННЫЕ ОБЩЕЙ ОБРАБОТКИ
Данные общей обработки 20120209d2011 |||y0rusy50 ca
101 0# - ЯЗЫК РЕСУРСА
Язык текста, звукозаписи и т.д. русский
102 ## - СТРАНА ПУБЛИКАЦИИ ИЛИ ПРОИЗВОДСТВА
Страна публикации Российская Федерация
105 ## - ПОЛЕ КОДИРОВАННЫХ ДАННЫХ: ТЕКСТОВЫЕ МАТЕРИАЛЫ, МОНОГРАФИЧЕСКИЕ
Кодированные данные о монографическом текстовом документе ac |||||||||
200 1# - ЗАГЛАВИЕ И СВЕДЕНИЯ ОБ ОТВЕТСТВЕННОСТИ
Основное заглавие "Будущие дети России...": проблема интеграции в административной практике и общественном сознании (Центральный Кавказ конца XVIII - начала XX вв.)
Первые сведения об ответственности С.А. Айларова, Е.И. Кобахидзе
Последующие сведения об ответственности Учреждение Рос. акад. наук, Сев.-Осетинский ин-т гуманит. и соц. исслед. им. В.И. Абаева ВНЦ РАН и правительства РСО-Алания
210 ## - ПУБЛИКАЦИЯ, РАСПРОСТРАНЕНИЕ И ДР.
Место издания, распространения и т.д. Владикавказ
Имя издателя, распространителя и т. д. ИПО СОИГСИ
Дата издания, распространения и т.д. 2011
215 ## - ФИЗИЧЕСКАЯ ХАРАКТЕРИСТИКА
Специфическое обозначение материала и объем 391 с.
Другие сведения о физической характеристике ил., портр.
Размеры 21
320 ## - ПРИМЕЧАНИЯ О НАЛИЧИИ В ДОКУМЕНТЕ БИБЛИОГРАФИИ / УКАЗАТЕЛЯ
Текст примечания Библиогр.: с. 368-386
320 ## - ПРИМЕЧАНИЯ О НАЛИЧИИ В ДОКУМЕНТЕ БИБЛИОГРАФИИ / УКАЗАТЕЛЯ
Текст примечания Имен. указ.: с. 386-389
606 1# - НАИМЕНОВАНИЕ ТЕМЫ КАК ПРЕДМЕТ
Наименование темы Государственное управление
Тематический подзаголовок История
Географический подзаголовок Кавказ Северный
Хронологический подзаголовок 19 в.
Системный номер авторитетной/нормативной записи 2238249
Идентификатор авторитетной/нормативной записи RU\NLR\auth\661343171
607 ## - ГЕОГРАФИЧЕСКОЕ НАИМЕНОВАНИЕ КАК ПРЕДМЕТ
Географическое наименование Кавказ Северный
Тематический подзаголовок История
Хронологический подзаголовок 18 - нач. 20 вв.
Системный номер авторитетной/нормативной записи 2097909
Идентификатор авторитетной/нормативной записи RU\NLR\auth\661572645
686 ## - ИНДЕКСЫ ДРУГИХ КЛАССИФИКАЦИЙ
Индекс Т3(2Р37)47
686 ## - ИНДЕКСЫ ДРУГИХ КЛАССИФИКАЦИЙ
Индекс Т3(2Р37)52
686 ## - ИНДЕКСЫ ДРУГИХ КЛАССИФИКАЦИЙ
Индекс Х2(2Р37)5-523
700 #1 - ИМЯ ЛИЦА - ПЕРВИЧНАЯ ОТВЕТСТВЕННОСТЬ
Начальный элемент ввода Айларова
Часть имени, кроме начального элемента ввода С. А.
Расширение инициалов личного имени Светлана Ахсарбековна
Код отношения Автор
701 #1 - ИМЯ ЛИЦА - АЛЬТЕРНАТИВНАЯ ОТВЕТСТВЕННОСТЬ
Начальный элемент ввода Кобахидзе
Часть имени, кроме начального элемента ввода Е. И.
Расширение инициалов личного имени Елена Исааковна
Код отношения Автор
801 #0 - ИСТОЧНИК ЗАПИСИ
Страна Российская Федерация
Организация NLR
Дата составления 20120209
Правила каталогизации RCR
801 #1 - ИСТОЧНИК ЗАПИСИ
Страна Российская Федерация
Организация NLR
Дата составления 20120209
942 ## - ДОПОЛНИТЕЛЬНЫЕ ЭЛЕМЕНТЫ ЗАПИСИ (АБИС)
Тип экземпляра АБИС Книга
980 ## - КОЛЛЕКЦИЯ
Название коллекции Национальная библиография
980 ## - КОЛЛЕКЦИЯ
Название коллекции НБР
Экземпляры
Тип экземпляра Дата поступления Источник поступления Библиотека постоянного хранения Библиотека текущего хранения Место хранения Шифр хранения Штрих-код Статус экземпляра
Книга 09.02.2012 Обязательный экземпляр РНБ (Московский) РНБ (Московский) Русский книжный фонд: издания с 1957 года 2012-3/4197 3591344  
Книга 09.02.2012 Обязательный экземпляр РНБ (Московский) РНБ (Московский) Русский книжный фонд: издания с 1957 года 2012-3/4197 3591345